Largest Cities in the American Bible Belt - Statistics

General Stats
  • This quiz has been taken 175 times
    138 since last reset
  • The average score is 15 of 20
Answer Stats
Population City % Correct
5,884,736 Atlanta
95%
6,892,427 Houston
91%
1,903,045 Nashville
91%
7,846,293 Dallas / Ft Worth
90%
1,348,260 Memphis
85%
2,525,305 Charlotte
84%
2,115,827 Austin
79%
2,473,974 San Antonio
77%
1,335,079 Raleigh
74%
2,807,338 St Louis
74%
2,159,159 Kansas City
73%
1,383,737 Oklahoma City
73%
1,504,980 Jacksonville
71%
1,293,953 Louisville
69%
9,764,315 Baltimore / Washington DC
65%
2,509,831 Orlando
61%
1,294,204 Richmond
61%
3,091,399 Tampa
58%
1,725,246 Virginia Beach - Norfolk
53%
2,179,082 Cincinnati
37%
No matching quizzes found
Score Distribution
Percent of People with Each Score
Percentile by Number Answered
Your Score History
You have not taken this quiz since the last reset